I Know The End - Pheobe Bridgers (Lyrics) - Statistiques

Statistiques générales
  • Ce quiz a été pris 7 fois
  • Le résultat moyen est 242 sur 326
Statistiques - réponses
% Correct
a
100%
A
100%
but
100%
But
100%
can't
100%
End
100%
end
100%
fence
100%
Germany
100%
I
100%
I'll
100%
in
100%
Is
100%
is
100%
me
100%
Near
100%
no
100%
No
100%
Not
100%
not
100%
of
100%
on
100%
picket
100%
place
100%
So
100%
some
100%
Somewhere
100%
the
100%
The
100%
this
100%
to
100%
To
100%
you
100%
your
100%
afraid
75%
After
75%
alien
75%
always
75%
America
75%
an
75%
and
75%
And
75%
anymore
75%
around
75%
away
75%
back
75%
bird
75%
chase
75%
clicks
75%
Close
75%
disappear
75%
down
75%
Drivin'
75%
eyes
75%
fantasize
75%
floor
75%
for
75%
from
75%
get
75%
go
75%
gonna
75%
got
75%
gotta
75%
gravity
75%
had
75%
hate
75%
haunted
75%
here
75%
home
75%
hometown
75%
house
75%
I'm
75%
it
75%
know
75%
lay
75%
Let
75%
life
75%
like
75%
Like
75%
Man
75%
mean
75%
melted
75%
my
75%
nothing
75%
now
75%
out
75%
Out
75%
part
75%
pushin'
75%
quiet
75%
Romanticize
75%
room
75%
shore
75%
spaceship
75%
teeth
75%
Texas
75%
Then
75%
there
75%
There's
75%
Three
75%
tornado
75%
turned
75%
ultraviolet
75%
up
75%
was
75%
we
75%
we're
75%
When
75%
when
75%
while
75%
with
75%
alone
50%
call
50%
come
50%
cover
50%
crashed
50%
Either
50%
even
50%
God
50%
guess
50%
into
50%
set
50%
sound
50%
sun
50%
that
50%
under
50%
wave
50%
way
50%
went
50%
Went
50%
you'll
50%
along
25%
are
25%
be
25%
Big
25%
billboard
25%
bolts
25%
burnouts
25%
coast
25%
convinced
25%
cracked
25%
creation
25%
drone
25%
Ended
25%
everyone's
25%
fear
25%
find
25%
First
25%
float
25%
friends
25%
ghost
25%
government
25%
hanging
25%
heater
25%
hide
25%
It's
25%
lightning
25%
lips
25%
looking
25%
low
25%
machines
25%
mall
25%
myth
25%
new
25%
or
25%
outlet
25%
Over
25%
pair
25%
park
25%
rap-country
25%
rusty
25%
said
25%
scream
25%
sirens
25%
slaughterhouse
25%
Slot
25%
song
25%
sunset
25%
swing
25%
Talkin'
25%
watch
25%
Windows
25%
Yeah
25%
Aucun quiz correspondant
Distribution des résultats
% des personnes avec chaque résultat
Percentile par nombre de réponses
Votre historique - résultats
Vous n’avez pas pris ce quiz